000
00263nam a2200109Ia 4500
008
220204s9999 xx 000 0 und d
082
_a
62.002.2
_b
DAN
100
_a
Danilevsky, V
245
0
_a
Manufacturing engineering
260
_a
Moscow
_b
Mir
_c
1973
942
_c
BK
999
_c
24150
_d
24150